Shri aaturprityakhayan parkiranam veer bhaderganimaharaj (Record no. 390714)

MARC details
000 -LEADER
fixed length control field 00743nam a2200253Ia 4500
003 - CONTROL NUMBER IDENTIFIER
control field OSt
005 - DATE AND TIME OF LATEST TRANSACTION
control field 20220924113859.0
008 - FIXED-LENGTH DATA ELEMENTS--GENERAL INFORMATION
fixed length control field 220923b |||||||| |||| 00| 0 guj d
020 ## - INTERNATIONAL STANDARD BOOK NUMBER
International Standard Book Number 9788187163602
037 ## - SOURCE OF ACQUISITION
Terms of availability Textual
040 ## - CATALOGING SOURCE
Original cataloging agency ARTS
Transcribing agency ARTS
Language of cataloging guj
041 ## - LANGUAGE CODE
Source of code guj
Language code of text/sound track or separate title guj
245 #0 - TITLE STATEMENT
Title Shri aaturprityakhayan parkiranam veer bhaderganimaharaj
260 ## - PUBLICATION, DISTRIBUTION, ETC.
Place of publication, distribution, etc. Ahamdabad
Name of publisher, distributor, etc. Sanmarg Prakashan India
Date of publication, distribution, etc. 2006
300 ## - PHYSICAL DESCRIPTION
Extent 357p.
Dimensions cm.
650 ## - SUBJECT ADDED ENTRY--TOPICAL TERM
Topical term or geographic name entry element LINGUISTICS
942 ## - ADDED ENTRY ELEMENTS (KOHA)
Classification part P15, 156[P6]
Koha item type Textual
Source of classification or shelving scheme Colon Classification (CC)
Holdings
Withdrawn status Lost status Damaged status Not for loan Home library Current library Date acquired Source of acquisition Cost, normal purchase price Total Checkouts Full call number Barcode Date last seen Cost, replacement price Price effective from Koha item type
        Arts Library Arts Library 2022-09-24 524, 07/03/2011, Eastern Book Linkers 175.00   P15 156[P6] AL1485846 2022-09-24 175.00 2022-09-24 Textual
Copyright @ Delhi University Library System